000 00359nam a22001577a 4500
003 OSt
008 250213b |||||||| |||| 00| 0 eng d
041 _aeng
082 _a001.42
_bSAR/RE
100 _aSaravanavel, P
_97132
245 _aResearch Methodology
250 _a4th
260 _aAllahabad:
_bKitab Mahal,
_c1996.
300 _a287p.
942 _cBK
999 _c19365
_d19365